State, pluralism, and the Indian historica tradition / (Record no. 18164)

MARC details
000 -LEADER
fixed length control field 00900nam a2200253 a 4500
005 - DATE AND TIME OF LATEST TRANSACTION
control field 20060722155810.0
008 - FIXED-LENGTH DATA ELEMENTS--GENERAL INFORMATION
fixed length control field 030918s2003 ii ab b 001 0 eng
010 ## - LCCN (DPL NO)
LC control number ENG-91550
020 ## - INTERNATIONAL STANDARD BOOK NUMBER
International Standard Book Number 9780195696219
Terms of availability 595.00
020 ## - INTERNATIONAL STANDARD BOOK NUMBER
International Standard Book Number 0195696212
Terms of availability 595.00
035 ## - SYSTEM CONTROL NUMBER
System control number EN-75083
037 ## - SOURCE OF ACQUISITION
Source of stock number/acquisition DBAD / PUB
040 ## - CATALOGING SOURCE
Original cataloging agency dpl
Language of cataloging English
082 ## - DEWEY DECIMAL CLASSIFICATION NUMBER
Classification number 954.02
100 ## - MAIN ENTRY--PERSONAL NAME
Personal name Chandra, Satish
245 ## - TITLE STATEMENT
Title State, pluralism, and the Indian historica tradition /
Statement of responsibility, etc by Satish Chandra
260 ## - PUBLICATION, DISTRIBUTION, ETC. (IMPRINT)
Place of publication, distribution, etc New Delhi :
Name of publisher, distributor, etc Oxford University Press,
Date of publication, distribution, etc 2008
300 ## - PHYSICAL DESCRIPTION
Extent viii, 196 p.
Dimensions 22 cm (Hb)
500 ## - GENERAL NOTE
General note Includes index.
520 ## - SUMMARY, ETC.
Summary, etc Contributed essays.
651 ## - SUBJECT ADDED ENTRY--GEOGRAPHIC NAME
Geographic name India
General subdivision History
942 ## - ADDED ENTRY ELEMENTS (KOHA)
Source of classification or shelving scheme Dewey Decimal Classification
Item type English Books
Call number suffix SAT
Classification part 954.02
Holdings
Withdrawn status Lost status Source of classification or shelving scheme Damaged status Not for loan Collection code Home library Current library Date acquired Source of acquisition Cost, normal purchase price Total Checkouts Full call number Barcode Date last seen Copy number Cost, replacement price Koha item type
    Dewey Decimal Classification   Not For Loan Non-fiction D.B.Act.Division D.B.Act.Division 07/11/2008 DBAD / PUB 595.00   954.02 SAT EN-75083 07/11/2008 1 595.00 English Books

© Delhi Public Library
Hit Counter
free hit counter